Japanese quail (coturnix) /

Bibliographic Details
Main Author: Cain, J. R. (John Richard), 1942-
Corporate Authors: Texas A & M University System, Texas Agricultural Extension Service
Other Authors: Cawley, W. O.
Format: Government Document Book
Language:English
Published: College Station, Texas : Texas Agricultural Extension Service, Texas A & M University System, [1974]
Series:B (Texas Agricultural Extension Service) ; 1123.
Subjects:
Online Access:Also available via Oak Trust Digital Repository

MARC

Tag First Indicator Second Indicator Subfields
LEADER 00000cam a2200000Ia 4500
001 in00002866613
005 20151203092959.0
008 791024s1974 txua s000 0 eng d
035 |a (OCoLC)ocn839875155 
035 |a (OCoLC)ocm839875155 
035 |a (OCoLC)839875155 
040 |a TXA  |c TXA  |d OCLCF  |d TXA  |d UtOrBLW 
043 |a n-us-tx 
049 |a TXAM 
086 |a Z TA245.7 B873 no.1123  |2 txdocs 
100 1 |a Cain, J. R.  |q (John Richard),  |d 1942- 
245 1 0 |a Japanese quail (coturnix) /  |c J.R. Cain and W.O. Cawley. 
246 1 4 |a Care, management, propagation :  |b Japanese quail (coturnix) 
246 3 |a Japanese quail (coturnix) :  |b care, management, propagation 
264 1 |a College Station, Texas :  |b Texas Agricultural Extension Service, Texas A & M University System,  |c [1974] 
300 |a 15 pages :  |b illustrations ;  |c 28 cm. 
336 |a text  |b txt  |2 rdacontent 
337 |a unmediated  |b n  |2 rdamedia 
338 |a volume  |b nc  |2 rdacarrier 
490 1 |a B ;  |v 1123 
500 |a Caption title. 
500 |a "3M--5-74."--P.[4] of cover. 
650 0 |a Japanese quail. 
650 7 |a Japanese quail.  |2 fast  |0 (OCoLC)fst00981939 
653 |a Coturnix japonica  |a quail eggs  |a poultry production  |a feeds  |a Japanese quails  |a history  |a incubation  |a recipes 
700 1 |a Cawley, W. O. 
710 2 |a Texas A & M University System. 
710 2 |a Texas Agricultural Extension Service. 
830 0 |a B (Texas Agricultural Extension Service) ;  |v 1123. 
856 4 1 |z Also available via Oak Trust Digital Repository  |u http://oaktrust.library.tamu.edu/handle/1969.1/92988  |t 0 
948 |a cataloged  |b h  |c 2013/4/18  |d c  |e jstorlie  |f 10:02:42 am 
955 |b taeb92988 
949 |a updated  |b h  |c 2014/11/5  |e spoltoratski  |f 11:27:25 am  |g m 
994 |a C0  |b TXA 
999 |a MARS 
999 f f |s 52d26dd5-6497-3f78-a024-3069cdb2d5bc  |i 0a1fa50a-8b5c-3991-8f02-ffee5ed40156  |t 0 
952 f f |p normal  |a Texas A&M University  |b College Station  |c Sterling C. Evans Library  |d Evans: Texas Documents (Annex 5th floor)  |t 0  |e Z TA245.7 B873 no.1101-1125  |h Superintendent of Documents classification  |i unmediated -- volume  |k no.1101-1125  |l 1970:July-1972:Oct  |m A14811123193 
952 f f |a Texas A&M University  |b College Station  |c Sterling C. Evans Library  |d Evans: Texas Documents (Annex 5th floor)  |t 0  |e Z TA245.7 B873 no.1101-1125  |h Superintendent of Documents classification 
998 f f |a Z TA245.7 B873 no.1101-1125  |s no.1101,1104-1125  |t 0  |l Evans: Texas Documents (Annex 5th floor)